| 000 | 00447nam a2200145Ia 4500 | ||
|---|---|---|---|
| 008 | 210430s9999 xx 000 0 und d | ||
| 020 | _a9780071473590 | ||
| 082 | _a696 G396S | ||
| 100 |
_aGevorkian, Peter. _97417 |
||
| 245 |
_aSustainable energy systems engineering _cGevorkian, Peter. |
||
| 260 |
_aNew York : _bMcGraw-Hill, _c2007 |
||
| 300 | _a568p. | ||
| 856 | _uhttp://www.columbia.edu/cgi-bin/cul/resolve?clio11128301 | ||
| 942 |
_cREF _2ddc |
||
| 999 |
_c565735 _d565735 |
||